000
00335 a2200157 4500
001
188510
020
_a
978-85-61167-08-0
040
_c
Magnum
100
_a
André, Pierre
240
1
0
_a
Emengarda, a barata
_l
por
245
1
0
_a
Emengarda, a barata
300
_a
24
362
0
_a
2009
697
_a
LITERATURA INFANTO
942
_c
BK
999
_c
188510
_d
188510